00473nam a2200181Ia 4500003000400000005001700004008004100021020002200062040000700084041000800091082002100099100001800120245007000138260003200208300001400240365001700254650002000271OSt20230616144237.0210423s2021 xx 000 0 und d a978-0-367-34723-9 cAL aeng a539.7 223bPOHP aPOHL (Martin) aParticles fields space time: from Thomsonselectron to Higgs Boson aBoca RatonbCRC Pressc2021 ax,302bPB b3879.51cGBP aNuclear Physics